Cargando...

Stable Isotope Geochemistry

Detalles Bibliográficos
Autor principal: Hoefs, Jochen
Formato: Printed Book
Publicado: Tokyo, Springer 2004
Materias:
LEADER 004700000a22001570004500
020 |a 3-540-40227-6 
082 |a 551.9 HOE 
100 |a Hoefs, Jochen  |9 141873 
245 |a Stable Isotope Geochemistry 
260 |a Tokyo, Springer 
260 |c 2004 
650 |a Geochemistry  |9 135333 
650 |a Isotope  |9 141874 
942 |c BK 
999 |c 178755  |d 178751 
952 |0 0  |1 0  |4 0  |6 551_900000000000000_HOE  |7 0  |9 177229  |a SES  |b SES  |d 2019-05-16  |l 0  |o 551.9 HOE  |p SES02429  |r 2019-05-16  |w 2019-05-16  |y BK